| 000 | 00655nas a22002291i#4500 | ||
|---|---|---|---|
| 001 | 925 | ||
| 003 | ES-MaACL | ||
| 005 | 20250809062527.0 | ||
| 007 | t| | ||
| 008 | 950801d1841 sp d|yn | ||pa d | ||
| 080 | _a460 | ||
| 080 | _a34/35 | ||
| 245 | 0 | 0 |
_aGaceta de los tribunales _b: o causas y hechos célebres del reino y extranjeros. |
| 246 | 3 | _aGaceta de los tribunales (Madrid. 1841) | |
| 260 |
_aMadrid : _bImp. de I. Boix, _c1841- |
||
| 300 |
_a2 v. ; _c27 cm. |
||
| 362 | 1 | _aT. 1, n. 1 (18 feb. 1841)- | |
| 650 | 1 | 7 |
_aDerecho _2embne _911602 |
| 852 |
_aES-MaACL _jR-2600-01 _xOlim: G-713-4 |
||
| 866 | 0 | _o1841. | |
| 999 |
_c925 _d925 |
||